| 000 | 00499nam a2200193Ia 4500 | ||
|---|---|---|---|
| 003 | OSt | ||
| 005 | 20250701143626.0 | ||
| 008 | 210210b1979 xxu||||| |||| 00| 0 eng d | ||
| 040 | _cAL | ||
| 041 | _aeng | ||
| 082 | _a320.01 JOHC | ||
| 100 |
_aJohari J C _940673 |
||
| 245 | _aContemporary political theory : basic concepts and major trends | ||
| 260 |
_aND _bSterling Publishers Pvt Ltd. _c1979 |
||
| 300 | _axv,445 | ||
| 690 |
_aPolitical Theory _940674 |
||
| 906 | _a034728 | ||
| 942 |
_2ddc _cBK |
||
| 999 |
_c85782 _d85782 |
||